LDR 00534nam a2200169 i 4500 001 000000217372 003 CaOOAMICUS 005 20241118143934.0 008 121204n it u000 u ita u 040 $aSeMil$bita 245 10$aVol. 1. 300 $aX, 782 p. ;$c25 cm 773 0 $tComunicazioni.$dMilano : Giuffrè, 1972.$g1$w()20934 850 $aSeMil 852 $aSeMil$W1$xVenegono$y1$m2J IV 183$j167786$B167786$CSeMilBibl$Z2$F178559 $81 996 $6245$aVol. 1$9(OLS)http://semarc/title/13429